Les Films de Tim Burton (Longs Métrages) - Statistiques

Statistiques générales
  • Ce quiz a été pris 1 233 fois
  • Le résultat moyen est 9 sur 18
Statistiques - réponses
Dates Réponse % Correct
1990 Edward aux mains d'argent
83%
2005 Les noces funèbres
72%
2005 Charlie et la chocolaterie
71%
2010 Alice au pays des merveilles
70%
1988 Beetlejuice
63%
1999 Sleepy Hollow
58%
1989 Batman
57%
2003 Big Fish
57%
2012 Dark Shadows
52%
2012 Frankenweenie
49%
2008 Sweeney Todd
49%
2014 Big Eyes
42%
2016 Miss Peregrine et les enfants particuliers
40%
1994 Ed Wood
38%
1996 Mars Attacks!
37%
2001 La Planète des singes
36%
1992 Batman: Le Défi
35%
1985 Pee-Wee Big Adventure
26%
Aucun quiz correspondant
Distribution des résultats
% des personnes avec chaque résultat
Percentile par nombre de réponses
Votre historique - résultats
Vous n’avez pas pris ce quiz